Objektivizácia financovania verejných vysokých škôl
Základné znaky možného modelu financovania verejných vysokých škôl. Poukázanie na nedostaky súčasného systému financovania verejných vysokých škôl. Navrhnutie kritérií, ktoré by sa mali používať pri prideľovaní finančných prostriedkov. Možnosti objektivizovania výdavkov na vzdelávanie. Normatívne fi...
Na minha lista:
| Autor principal: | |
|---|---|
| Formato: | Capítulo de Livro |
| Idioma: | eslovaco |
| Assuntos: | |
| Tags: |
Sem tags, seja o primeiro a adicionar uma tag!
|
MARC
| LEADER | 00000naa$a2200000$$$4500 | ||
|---|---|---|---|
| 001 | 0024081 | ||
| 005 | 20231013112915.7 | ||
| 041 | 0 | |a slo | |
| 044 | |a SK | ||
| 245 | 1 | 0 | |a Objektivizácia financovania verejných vysokých škôl |c Štefan Hronec |
| 520 | |a Základné znaky možného modelu financovania verejných vysokých škôl. Poukázanie na nedostaky súčasného systému financovania verejných vysokých škôl. Navrhnutie kritérií, ktoré by sa mali používať pri prideľovaní finančných prostriedkov. Možnosti objektivizovania výdavkov na vzdelávanie. Normatívne financovanie verejných vysokých škôl a výber relevantných kritérií financovania. Financovanie vysokých škôl s využitím trhových princípov. Systém sociálnej podpory študentov. | ||
| 610 | 2 | 0 | |a školy vysoké |
| 610 | 2 | 0 | |a financovanie |
| 610 | 2 | 0 | |a zdroje finančné |
| 610 | 2 | 0 | |a normatívy ekonomické |
| 610 | 2 | 0 | |a študenti |
| 100 | 1 | |a Hronec, Štefan | |